Jakie to logo? - Statystyki

Ogólne statystyki
  • Ten quiz został rozwiązany 259 razy
  • Średni wynik to 12 z 16
Statystyki odpowiedzi
Obrazkowy Odpowiedź % Poprawnych
McDonalds
94%
Kentucky Fried Chicken
92%
Kaufland
91%
Legia Warszawa
86%
Orlen
85%
Shell
82%
Stokrotka
82%
Pringles
80%
Carrefour
76%
Dominos Pizza
76%
Mastercard
74%
Piątnica
74%
Rossmann
74%
Algida
65%
Nestle
58%
ŁKS Łódź
38%
Nie znaleziono quizów pasujących do podanych kryteriów
Rozkład punktacji
Procent ludzi z każdym wynikiem
Percentyl według liczby udzielonych odpowiedzi
Twoja historia wyników
Nie rozwiązałeś tego quizu